A second look at Bernard of Clairvaux / (Record no. 118532)
[ view plain ]
| 000 -LEADER | |
|---|---|
| fixed length control field | 01198cam a2200349 a 4500 |
| 001 - CONTROL NUMBER | |
| control field | 820327 |
| 003 - CONTROL NUMBER IDENTIFIER | |
| control field | ARRUPE |
| 005 - DATE AND TIME OF LATEST TRANSACTION | |
| control field | 20131105172645.0 |
| 008 - FIXED-LENGTH DATA ELEMENTS--GENERAL INFORMATION | |
| fixed length control field | 900313s1990 miu b 000 0deng |
| 010 ## - LIBRARY OF CONGRESS CONTROL NUMBER | |
| LC control number | 88036544 |
| 020 ## - INTERNATIONAL STANDARD BOOK NUMBER | |
| International Standard Book Number | 0879076054 |
| 020 ## - INTERNATIONAL STANDARD BOOK NUMBER | |
| International Standard Book Number | 0879074051 (pbk.) |
| 035 ## - SYSTEM CONTROL NUMBER | |
| System control number | (OCoLC)19065168 |
| 035 ## - SYSTEM CONTROL NUMBER | |
| System control number | (OCoLC)ocm19065168 |
| 035 ## - SYSTEM CONTROL NUMBER | |
| System control number | (CStRLIN)NYCG90-B17002 |
| 035 ## - SYSTEM CONTROL NUMBER | |
| System control number | (NNC)820327 |
| 040 ## - CATALOGING SOURCE | |
| Modifying agency | CSt |
| -- | CoFS |
| Transcribing agency | DLC |
| 041 1# - LANGUAGE CODE | |
| Language code of text/sound track or separate title | eng |
| Language code of original and/or intermediate translations of text | fre |
| 050 0# - LIBRARY OF CONGRESS CALL NUMBER | |
| Classification number | B765.B54 |
| Item number | L3513 1989 |
| 300 ## - PHYSICAL DESCRIPTION | |
| Dimensions | 23 cm. |
| 100 1# - MAIN ENTRY--PERSONAL NAME | |
| Personal name | Leclercq, Jean, |
| Dates associated with a name | 1911-1993. |
| 9 (RLIN) | 3344 |
| 240 10 - UNIFORM TITLE | |
| Uniform title | <a href="Nouveau visage de Bernard de Clairvaux.">Nouveau visage de Bernard de Clairvaux.</a> |
| Language of a work | English |
| 245 12 - TITLE STATEMENT | |
| Title | A second look at Bernard of Clairvaux / |
| Statement of responsibility, etc | by Jean Leclercq ; translated by Marie-Bernard Said. |
| 260 ## - PUBLICATION, DISTRIBUTION, ETC. (IMPRINT) | |
| Place of publication, distribution, etc | Kalamazoo, Mich. : |
| Name of publisher, distributor, etc | Cistercian Publications, |
| Date of publication, distribution, etc | 1990. |
| 300 ## - PHYSICAL DESCRIPTION | |
| Extent | xv, 150 p. ; |
| 490 1# - SERIES STATEMENT | |
| Series statement | Cisterian studies series ; |
| Volume number/sequential designation | no. 105 |
| 500 ## - GENERAL NOTE | |
| General note | Translation of: Nouveau visage de Bernard de Clairvaux. |
| 504 ## - BIBLIOGRAPHY, ETC. NOTE | |
| Bibliography, etc | Includes bibliographical references. |
| 600 00 - SUBJECT ADDED ENTRY--PERSONAL NAME | |
| Personal name | Bernard, |
| Titles and other words associated with a name | of Clairvaux, Saint, |
| Dates associated with a name | 1090 or 1091-1153 |
| General subdivision | Psychology. |
| 9 (RLIN) | 3345 |
| 830 #0 - SERIES ADDED ENTRY--UNIFORM TITLE | |
| Uniform title | Cistercian studies series ; |
| Volume number/sequential designation | no. 105. |
| 9 (RLIN) | 3346 |
| 942 ## - ADDED ENTRY ELEMENTS (KOHA) | |
| Source of classification or shelving scheme | Library of Congress Classification |
| Koha item type | Monograph ( Printed materials) |
| Withdrawn status | Lost status | Source of classification or shelving scheme | Damaged status | Not for loan | Collection code | Home library | Current library | Shelving location | Date acquired | Total Checkouts | Full call number | Barcode | Date last seen | Price effective from | Koha item type |
|---|---|---|---|---|---|---|---|---|---|---|---|---|---|---|---|
| Library of Congress Classification | Main Collection | ARRUPE LIBRARY | ARRUPE LIBRARY | Main Collection | 05/11/2013 | B765.B54 L3513 1989 | 46410461 | 05/11/2013 | 05/11/2013 | Monograph ( Printed materials) |